00330 a2200133 450000100060000002000150000604000370002110000350005824000350009324500300012830000080015836200060016665000240017273372 a8521500173 cAnchieta - Colégio São Paulo aAquino, Rubim Santos Leão de10aHistória das sociedadeslpor10aHistória das sociedades a4580 a0 4aHistória do mundo